000
00309nam a22001217a 4500
082
_a
620.1 ARC'I
100
_a
COOK, N. H,CRANDELL, S. H,ARCHER, R. R
_9
78588
245
_a
AN INTRODUCTION TO THE MECHANICS OF SOLIDS
250
_a
2ND
260
_a
NEWYORK
_b
MCGRAW HILL
_c
1972
300
_a
620P
942
_c
BK
999
_c
583696
_d
583696